The book of the dead : or, Going forth by day : ideas of the ancient Egyptians concerning the hereafter as expressed in their own terms /

Saved in:

Other Authors: Allen, Thomas George, 1885-

Format: Book

Language: English
Ancient Egyptian

Published: Chicago : Oriental Institute of the University of Chicago, 1974.

Series: Studies in Ancient Oriental Civilization ; 37.
SAOC ; 37.

Subjects:

Tags: Add Tag

No Tags, Be the first to tag this record!

Call Number: DS57 .C5 v.37

LEADER 01201cam a2200349 i 4500
001 316215
003 OSt
005 20260312071509.0
008 231227s1974 ilu b 001 0 eng
010 |a  74010338  
020 |a 0226624102 
020 |a 9780226624105 
040 |c ARCE Library 
041 1 |a eng  |h egy 
043 |a f-ua--- 
050 4 |a DS57 .C5 v.37 
130 0 |a Book of the dead.  |l English. 
245 1 4 |a The book of the dead :  |b or, Going forth by day : ideas of the ancient Egyptians concerning the hereafter as expressed in their own terms /  |c translated by Thomas George Allen ; prepared for publication by Elizabeth Blaisdell Hauser. 
260 |a Chicago :  |b Oriental Institute of the University of Chicago,  |c 1974. 
300 |a x, 306 p. ;  |c 30 cm. 
490 0 |a Studies in Ancient Oriental Civilization ;   |v 37. 
490 0 |a SAOC ;   |v 37. 
500 |a Includes indexes. 
504 |a "Ancient Egyptian documents cited": p. 242-247. 
650 0 |a Incantations, Egyptian. 
650 0 |a Future life. 
651 0 |a Egypt  |x Religion. 
700 1 |a Allen, Thomas George,  |d 1885- 
740 0 |a Going forth by day. 
901 |a reviewed 
942 |2 lcc  |c BK 
999 |c 55172  |d 55172